000 00709nam a2200217 i 4500
001 C2-0110951
003 PPAK
005 20180727103305.0
008 970629s1980 my a|||| ||||| | eng d
040 _aPPAK
_beng
_cPPAK
_erda
082 0 4 _a633.18
_223
090 0 0 _a633.18
_bNAT
_dR
245 0 4 _aThe National Rice Conference ( 1980 : Kuala Lumpur ) ; Research for the rice farmer :
_bproceedings
264 1 _aKuala Lumpur :
_bThe Malaysian Agricultural Research and Development Institute ,
_c1980
300 _avi, 413 pages :
_billustrations ;
_c25 cm
336 _2rdacontent
_atext
337 _2rdamedia
_aunmediated
338 _2rdacarrier
_avolume
650 1 0 _aRice - Research
942 _ddc
_cB
999 _c27615
_d27615